000
00211nam a22000857a 4500
008
170128b xxu||||| |||| 00| 0 eng d
100
_9
2618
_a
Saharwal.S.S.
245
_a
Mathematics-1
260
_a
New Delhi
_b
NCERT
_c
2011
999
_c
5755
_d
5755